|
|
|
|
| LEADER |
01259nam a2200349Ia 4500 |
| 001 |
EBC699377 |
| 003 |
MiAaPQ |
| 005 |
20200520144314.0 |
| 006 |
m o d | |
| 007 |
cr cn||||||||| |
| 008 |
100813s2011 enk s 001 0 eng d |
| 020 |
|
|
|z 0470713917
|
| 020 |
|
|
|z 9780470713914
|
| 020 |
|
|
|z 9781119977933
|
| 035 |
|
|
|a (MiAaPQ)EBC699377
|
| 035 |
|
|
|a (Au-PeEL)EBL699377
|
| 035 |
|
|
|a (CaPaEBR)ebr10510662
|
| 035 |
|
|
|a (CaONFJC)MIL340514
|
| 035 |
|
|
|a (OCoLC)778356642
|
| 040 |
|
|
|a MiAaPQ
|c MiAaPQ
|d MiAaPQ
|
| 050 |
|
4 |
|a HG4028.A84
|b K74 2011
|
| 100 |
1 |
|
|a Krebsz, Markus.
|
| 245 |
1 |
0 |
|a Securitisation and structured finance post credit crunch
|h [electronic resource] :
|b a best practice deal lifecycle guide /
|c by Markus Krebsz.
|
| 260 |
|
|
|a Chichester, West Sussex :
|b Wiley,
|c 2011.
|
| 300 |
|
|
|a xv, 457 p.
|
| 500 |
|
|
|a Includes index.
|
| 533 |
|
|
|a Electronic reproduction. Ann Arbor, MI : ProQuest, 2015. Available via World Wide Web. Access may be limited to ProQuest affiliated libraries.
|
| 650 |
|
0 |
|a Asset-backed financing.
|
| 650 |
|
0 |
|a Corporations
|x Finance.
|
| 655 |
|
4 |
|a Electronic books.
|
| 710 |
2 |
|
|a ProQuest (Firm)
|
| 856 |
4 |
0 |
|u https://ebookcentral.proquest.com/lib/matrademy/detail.action?docID=699377
|z Click to View
|